| 000 | 00706nam a2200229 a 4500 | ||
|---|---|---|---|
| 999 |
_c7273 _d7273 |
||
| 001 | 7273 | ||
| 003 | BD-JhCC | ||
| 005 | 20220615134022.0 | ||
| 008 | 171002b1992 bg |||| ||a| 000 0 ben d | ||
| 020 | _a9847013303901 | ||
| 035 | _a(BD-JhCC)7273 | ||
| 040 |
_aBD-JhCC _dBD-JhCC |
||
| 041 | _aban | ||
| 082 |
_a891.443 _bAHM 1992 |
||
| 100 | _aআহমেদ, হুমায়ূন | ||
| 245 |
_aকোথাও কেউ নেই / _bহুমায়ূন আহমেদ |
||
| 260 |
_aঢাকা : _bকাকলী প্রকাশনী, _c1992.. |
||
| 300 |
_a২৫২ পৃ. : _c22 সেমি. |
||
| 650 | _aBengali Novel | ||
| 942 |
_2ddc _cBK _022 |
||